Good morning, Holy Spirit. (Record no. 15972)

000 -LEADER
fixed length control field 00512nam a2200157 a 4500
001 - CONTROL NUMBER
control field :::00018558$&:&@@
003 - CONTROL NUMBER IDENTIFIER
control field OkBaRHE
005 - DATE AND TIME OF LATEST TRANSACTION
control field 20110506114643.0
008 - FIXED-LENGTH DATA ELEMENTS--GENERAL INFORMATION
fixed length control field s1990 j 000 0 eng u
040 ## - CATALOGING SOURCE
Transcribing agency
100 1# - MAIN ENTRY--PERSONAL NAME
Personal name Hinn, Benny
245 10 - TITLE STATEMENT
Title Good morning, Holy Spirit.
260 ## - PUBLICATION, DISTRIBUTION, ETC. (IMPRINT)
Place of publication, distribution, etc Nashville
Name of publisher, distributor, etc Thomas Nelson Publishers
Date of publication, distribution, etc 1990
942 ## - ADDED ENTRY ELEMENTS (KOHA)
Source of classification or shelving scheme
Koha item type Books
Copies
Source of classification or shelving scheme Lost status Total Checkouts Date checked out Copy number Shelving location Not for loan Date acquired Withdrawn status Full call number Price effective from Date last seen Koha item type Damaged status Current Location Barcode Permanent Location
  12010-05-051General Stacks 2010-04-14 BX 8762 .Z8 H552010-04-142019-02-04Books RHEMA Bible Training College18558RHEMA Bible Training College